|
|
|
|
| LEADER |
00000nab a2200000 a 4500 |
| 001 |
vtls000048817 |
| 003 |
SK-MaSNL |
| 005 |
20260303231953.0 |
| 008 |
160202c1979 xo 0 cze |
| 015 |
|
|
|a SNBRB19rr/mm-uuuuu
|
| 035 |
|
|
|a CL0058913
|
| 040 |
|
|
|a SNKBUCL
|b slo
|c SNKBUCL
|e AACR2
|
| 041 |
0 |
|
|a cze
|
| 044 |
|
|
|a xo
|c SK
|
| 080 |
|
|
|a 674
|2 1981
|
| 100 |
1 |
|
|a Pavlin, Zdenko
|4 aut
|9 1267526
|
| 245 |
1 |
0 |
|a Stav a perspektívy výzkumu sušení dřeva
|c Zdenko Pavlin ; -al, -al
|
| 650 |
0 |
7 |
|a drevársky priemysel
|2 snkbucl
|9 1117
|
| 650 |
0 |
7 |
|a sušiarne dreva
|2 snkbucl
|9 926149
|
| 650 |
0 |
7 |
|a drevo
|2 snkbucl
|9 3560
|
| 655 |
|
7 |
|a články z novín a časopisov
|2 snkbucl
|9 267496
|
| 700 |
1 |
|
|a -al
|4 trl
|9 920910
|
| 700 |
1 |
|
|a -al
|4 aut
|9 920910
|
| 773 |
0 |
|
|t Drevo
|g Roč. 34, č. 12 (1979), s. 353-354
|
| 850 |
|
|
|a Slovenská národná knižnica v Martine
|a MTA001
|
| 852 |
|
|
|a SNK
|b KIS3GCP
|
| 958 |
|
|
|a RK
|
| 958 |
|
|
|a CZ
|
| 992 |
|
|
|a RBX
|
| 999 |
|
|
|c 2269554
|d 2271484
|